00660nam a2200205Ia 4500003000400000005001700004008004100021040000700062082001900069100002800088245002900116260003800145365001400183650003900197650002400236906003000260942001200290999001900302952013300321OSt20230608161721.0210423s2005 xx 000 0 und d cAL a361.3 DAVS223 aDAVIES (Martin)9122889 aCompanion to social work aUSAbBlackwell Publicationsc2005 b1495cINR aSocial Problems & Services9122890 aSocial Work9122891 aCompanion ; social ; work 2ddccBK c174098d174098 001040708MSWaSACPGbSACPGd2005-08-24eAlka Prakashang1495.00l0o361.3 DAVSpPG020763r2022-08-24 00:00:00w2021-04-26yBK